00754nam a2200217Ia 4500003000900000008004100009020002200050040001600072080001200088100002300100245008700123260002900210300001600239490004900255650001800304650001700322650004500339942000700384999001700391952012800408IN-BaIIA211028s9999 xx 000 0 eng d a978-1-4614-5178-5 cIIA Library a52bCLA aClark, Jane936301 0aViewing and imaging the solar systemba guide for amateur astronomerscJane Clark  aNew YorkbSpringerc2015 axiii, 256p. aThe Patrick Moore practical astronomy series aAstronomy980 aSolar system aSolar system - Observers' manuals936302 cBK c19016d19016 00104070aBANbBANcGENd2015-04-07eEDS g1383.00l0o52/ CLAp19938r2021-11-05v1383.00w2015-04-07yBKGRs. 1383.00